| Поле | Название | Значение |
| |
Тип записи |
a |
| |
Библиографический уровень |
m |
| 001 |
Контрольный номер |
RU/SLIB/B/208744313 |
| 005 |
Дата корректировки |
20201206204107.4 |
| 010 |
Индекс ISBN |
__ |
| d |
Цена |
36-00; 1-60 |
| 101 |
Язык документа |
__ |
| a |
Язык текста |
rus |
| c |
Язык оригинала |
rus |
| 200 |
Заглавие и сведения об ответственности |
1_ |
| a |
Заглавие |
Живая Древняя Русь |
| e |
Сведения, относящиеся к заглавию |
кн. для учащихся |
| f |
Первые сведения об ответственности |
Е. И. Осетров |
| b |
Общее обозначение материала |
Текст |
| 205 |
Сведения об издании |
__ |
| a |
Основные сведения об издании |
3-е изд., испр. и доп. |
| 210 |
Выходные данные |
__ |
| a |
Место издания |
М. |
| c |
Издательство |
Просвещение |
| d |
Дата издания |
1984 |
| 215 |
Физическое описание |
__ |
| a |
Объем |
304 с. |
| c |
Иллюстрации/тип воспроизводства |
ил. |
| 330 |
Аннотация |
__ |
| a |
Аннотация |
Книга посвящена древнерусскому искусству: здесь и древний эпос, и архитектура, и живопись, и украшения из драгоценных камней, и народные игрушки. |
| 600 |
Персоналии |
__ |
| a |
Персоналии (Фамилия) |
Андрей Рублев |
| g |
Полное имя |
Андрей |
| 600 |
Персоналии |
__ |
| a |
Персоналии (Фамилия) |
Андрей Рублев |
| 600 |
Персоналии |
__ |
| a |
Персоналии (Фамилия) |
Кирилл и Мефодий |
| 600 |
Персоналии |
__ |
| a |
Персоналии (Фамилия) |
Кирилл |
| c |
Дополнение к имени |
Константин Философ |
| 600 |
Персоналии |
__ |
| a |
Персоналии (Фамилия) |
Мефодий |
| 605 |
Заглавие как предмет |
__ |
| a |
Заглавие |
Слово о полку Игореве |
| 605 |
Заглавие как предмет |
__ |
| a |
Заглавие |
Московский Кремль |
| 606 |
Тематические рубрики |
__ |
| a |
Основная рубрика |
Изобразительное искусство и архитектура |
| a |
Основная рубрика |
История изобразительного искусства |
| y |
Географическая подрубрика |
Россия; Кижи; Коломенское; Владимир; Москва; Древняя Русь |
| 610 |
Ключевые слова |
__ |
| a |
Ключевые слова |
архитектура; живопись; народные игрушки; драгоценные камни; изделия; камни; хохломская роспись; летописи; церкви; соборы; керамика; дымковская игрушка; рукописные книги; храмы; орнаменты; народная музыка; архитектура; изразцы; металлы; рукописи; книги; музыкальные инструменты; гусли; колокола; колокольный звон; древнерусское искусство |
| 686 |
Индексы других классификаций |
__ |
| a |
Классификационный индекс |
85.103(2)4 |
| 700 |
Автор |
_1 |
| a |
Фамилия |
Осетров |
| b |
Имя |
Е. И. |
| 4 |
Код отношения |
070 |
| 801 |
Источник записи |
_0 |
| a |
Страна |
RU |
| b |
Организация |
Муниципальное бюджетное учреждение культуры "Централизованная библиотечная система" г. Сургут (Центральная городская библиотека им. А. С. Пушкина) |
| g |
Правила каталогизации |
КиК/Нещерет |
| 801 |
Источник записи |
_1 |
| a |
Страна |
RU |
| b |
Организация |
Муниципальное бюджетное учреждение культуры "Централизованная библиотечная система" г. Сургут (Центральная городская библиотека им. А. С. Пушкина) |
| g |
Правила каталогизации |
КиК/Нещерет |
| 852 |
Данные о местонахождении |
__ |
| j |
Шифр хранения |
85.103(2)4 |
| c |
Каталожный индекс |
85.103(2)1 |
| i |
Авторский знак |
О-72 |
| p |
Инвентарный номер |
23491 |
| 901 |
Тип документа |
__ |
| t |
Тип документа |
m |
| 903 |
Характеристики (МАРС) |
__ |
| a |
Дата передачи |
20030814 |
| 990 |
Данные о заказе (DOS) |
__ |
| j |
Количество экземпляров (DOS) |
3 |
| t |
N записи в КСУ для И/У (DOS) |
200307 |